| 000 | 00594nam a2200181 a 4500 | ||
|---|---|---|---|
| 001 | 000036885 | ||
| 005 | 20200930080010.0 | ||
| 008 | 120203s1965 sp ab 000 0 spa d | ||
| 040 |
_aDO-SdBNP _bspa _cBNPHU |
||
| 082 |
_axxx _bC867j |
||
| 100 | 1 |
_aCousins, Mary _963266 |
|
| 240 | 1 | 0 |
_aAnd Jesus said. _lEspañol |
| 245 | 1 | 0 |
_aY Jesús dijo ... / _cMary Cousins ; traducción de María Dolores Raich. |
| 260 |
_aBarcelona : _bEditorial Molino, _c1965. |
||
| 300 |
_a159 p. : _bil., mapa ; _c21 cm. |
||
| 534 |
_aTítulo original : _tAnd Jesus said. |
||
| 700 | 1 |
_aRaich, María Dolores, _etr. _963267 |
|
| 999 |
_c36376 _d36376 |
||